[Event "12th KIIT International 2019"]
[Site "Odisha"]
[Date "2019.06.04"]
[Round "7.11"]
[White "Dang, Hoang Son"]
[Black "Laxman, R.R."]
[Result "0-1"]
[WhiteElo "2320"]
[BlackElo "2437"]
[Annotator "TA"]
[PlyCount "138"]
[EventDate "2019.05.31"]
[EventType "swiss"]
[EventCountry "IND"]
[SourceTitle "playchess.com"]
[Source "ChessBase"]
[SourceQuality "1"]

{[%evp 9,138,0,11,-6,12,0,12,-4,0,-15,-16,-23,-15,-18,-7,-10,0,0,0,-14,-7,-8,-7,-7,0,-30,-29,-25,-11,-41,-33,-44,-28,-45,-45,-50,-32,-31,0,-43,-35,-34,-25,-12,-12,-12,-9,-9,-15,-21,0,0,0,0,0,-26,-16,-37,0,-12,-12,-95,-74,-122,-122,-124,-72,-87,-88,-85,-84,-89,-53,-44,0,0,0,0,0,0,0,0,0,0,0,0,0,-8,-8,-8,-8,-66,-61,-92,-61,-106,-100,-295,-304,-293,-195,-988,-1018,-1000,-995,-966,-791,-964,-910,-508,-827,-666,-608,-918,-889,-957,-945,-897,-868,-817,-687,-29965,-29965,-6393,-5593,-29980,-29981,-29988,-29989,-29989,-29990]} 1. c4 e5 2. Nc3 Bb4 3. Nf3 Bxc3 4. dxc3 d6 5. e4 Nc6 6. h3 {A21: English Opening: 1...e5 2 Nc3} Nge7 7. Bd3 O-O 8. Qc2 $146 {The position is equal.} ({Predecessor:} 8. g4 Ng6 9. Bg5 Qe8 10. Be3 b6 11. Qd2 Nd8 12. O-O-O Ne6 {0-1 (45) Gabuzyan,H (2553)-Kobalia,M (2632) Moscow 2015}) 8... f5 9. exf5 Bxf5 10. Be3 Qe8 11. O-O-O Bxd3 12. Qxd3 b6 13. Ng5 {[%csl Gg5][%cal Rd3h7]} Qg6 14. Qxg6 Nxg6 15. g3 a6 16. Kc2 Nge7 17. Rhe1 h6 18. Ne4 b5 19. cxb5 axb5 20. a3 Ra4 21. Nd2 Nf5 22. Re2 Nxe3+ (22... Kh7 {is more complex.} 23. Rg1 g5 24. f3 Nfe7 25. Rd1 Nd5) 23. fxe3 e4 (23... Ne7 {is interesting.} 24. Rde1 Nd5 25. Rg2 Raa8 26. g4 g6) 24. Rf1 Rxf1 25. Nxf1 $15 {[%mdl 4096] Endgame KRN-KRN} Ne5 26. Nd2 Kf7 27. Rf2+ Ke7 28. Rf4 $1 d5 29. Rf5 Kd6 30. Rf8 $1 c6 31. Rd8+ Ke7 32. Rc8 Ra7 33. Nb3 Kd7 34. Rg8 Kd6 35. Rd8+ (35. Nd4 $11) 35... Rd7 $1 $17 {[%cal Rd7d8]} 36. Rxd7+ Kxd7 {KN-KN} 37. Nd2 Nd3 (37... c5 $142 38. b3 c4) 38. b3 Nf2 39. h4 Ng4 40. Nf1 c5 41. c4 $1 bxc4 42. bxc4 d4 43. Nd2 d3+ 44. Kc3 Nf2 45. a4 Kc6 46. a5 h5 47. Kb3 g6 48. Ka4 Nh1 49. Nxe4 {Strongly threatening Kb3.} Nxg3 $1 50. Nf2 (50. Nd2 $11) 50... d2 $15 51. Kb3 Nf5 52. e4 Ne3 53. e5 $2 {[#]} (53. Kc3 $17) 53... Ng4 $1 $19 {[%cal Rg4f2]} 54. Nd1 {Hoping for e6.} Nxe5 55. Kc3 $2 {[#]} (55. Ne3) 55... Nf3 $1 56. Kd3 Kb7 57. Ke3 Nxh4 58. Kxd2 Ka6 59. Nf2 Kxa5 60. Nd3 Kb6 61. Ke3 g5 62. Ne5 g4 63. Nd7+ Kc6 64. Nf6 Nf5+ 65. Kf4 g3 66. Kf3 h4 67. Ne4 h3 {Black mates.} 68. Nd2 g2 69. Kf2 Nd4 {Accuracy: White = 51%, Black = 65%.} 0-1

[Event "12th KIIT International 2019"]
[Site "Odisha"]
[Date "2019.06.04"]
[Round "7.12"]
[White "Arpita, Mukherjee"]
[Black "Vardaan Nagpal"]
[Result "0-1"]
[WhiteElo "2196"]
[BlackElo "2369"]
[Annotator "TA"]
[PlyCount "128"]
[EventDate "2019.05.31"]
[EventType "swiss"]
[EventCountry "IND"]
[SourceTitle "playchess.com"]
[Source "ChessBase"]
[SourceQuality "1"]

{[%evp 10,128,18,25,25,11,16,12,5,-20,-22,-32,-19,-14,-26,-29,-10,-17,0,0,0,0,22,13,38,18,25,9,31,24,43,27,56,52,75,22,17,22,21,37,29,16,7,19,16,12,64,25,25,27,35,25,24,44,39,40,37,14,18,19,20,0,0,0,0,0,0,0,0,-4,0,-25,-26,-29,-10,-86,-10,-10,-19,-17,-19,-13,-8,-61,-73,-129,-139,-114,-118,-100,-97,-166,-127,-206,-79,-79,-79,-143,-137,-145,-162,-147,-112,-159,-159,-154,-132,-187,-178,-235,-219,-168,-8,-12,-25,-29979,-29980,-29980,-29981,-29981,-29982]} 1. e4 e5 2. Nf3 Nc6 3. Bb5 a6 4. Ba4 Nf6 5. d3 d6 6. O-O g6 {C79: Ruy Lopez: Steinitz-type lines with 3...a6 4 Ba4 Nf6 5 0-0 d6} (6... b5 7. Bb3 Na5 8. Re1 Nxb3 9. axb3 c5 10. Bg5 Be7 11. Nc3 Bb7 12. Bxf6 Bxf6 13. Nd5 Bxd5 14. exd5 {½-½ (65) Vachier Lagrave,M (2789)-Carlsen,M (2855) Paris 2016}) 7. Nc3 Bg7 8. Bg5 h6 {The position is equal.} 9. Bh4 g5 10. Bg3 Bg4 $146 (10... b5 $5 11. Bb3 $8 Be6 $11) ({Predecessor:} 10... Bd7 11. Ne2 O-O 12. Nd2 b5 13. Bb3 Ne7 14. c4 {1-0 (40) Zhou,T (1271)-Bleicher,H (1776) Parramatta 2010}) 11. Bxc6+ bxc6 12. Qe2 O-O 13. Nd1 {[%cal Bc3d1,Bd1e3,Be3f5][%mdl 32]} Nd7 14. Ne3 Bh5 15. Nf5 Qf6 16. h4 Nc5 17. Qe3 {[%cal Rh4g5]} Ne6 18. Nh2 Rfe8 19. c3 Nf4 20. f3 Qg6 21. Kh1 Qh7 22. Bxf4 (22. Ng4 $16) 22... gxf4 23. Qf2 Bg6 24. Nxg7 Qxg7 25. g3 fxg3 26. Qxg3 h5 27. Rg1 Re6 ({Black should play} 27... Rab8 $11) 28. Raf1 Rf6 29. f4 exf4 30. Rxf4 Rxf4 31. Qxf4 Rb8 32. Rg2 c5 33. Nf1 (33. Nf3 {is interesting.} Re8 34. Nd2 Qe5 35. Qxe5 Rxe5 36. Nc4) 33... Qe5 34. Qxe5 dxe5 $11 {[%mdl 4096] Endgame KRB-KRN} 35. Ne3 {Threatens to win with Nc4.} Rd8 36. Nc4 Rxd3 37. Nxe5 Rh3+ 38. Kg1 Kg7 39. Nd7 c4 40. Nc5 Rxh4 41. Nxa6 Rxe4 42. a4 (42. Nxc7 $11 {keeps the balance.} Re1+ 43. Kf2) 42... Re5 (42... Re7 $17) 43. Nxc7 Ra5 44. Ne8+ Kf8 45. Nd6 Rxa4 46. Kf2 (46. Kh2 $11) 46... Bd3 $15 47. Ke3 {[#]} (47. Rh2 $142) 47... Ra6 $1 $17 {[%cal Ra6d6]} 48. Nb5 Re6+ 49. Kf4 Re4+ 50. Kg3 (50. Kf3 $17 {was worth a try.}) 50... Ke7 51. Rh2 (51. Kf3 $17 {might work better.}) 51... Re5 (51... Rg4+ $19 52. Kf2 Bg6) 52. Nd4 {And now Nc6+ would win.} Kf6 53. Rf2+ (53. Kh4 $142) 53... Kg6 54. b4 cxb3 $1 55. Nxb3 Bc4 56. Nd2 Be6 57. c4 Bg4 58. Kg2 (58. Nf1 $17) 58... f5 59. Nf1 (59. Kg3 {was called for.}) 59... Kg5 $19 60. Rc2 Re2+ $2 ({Black should try} 60... f4 $19 {...Bf5 is the strong threat.} 61. Rb2 Re4) 61. Rxe2 $11 Bxe2 62. c5 $2 {[%mdl 8192] [#]} (62. Nd2 $11) 62... Bxf1+ $1 {Black mates.} 63. Kxf1 Kf6 64. Kf2 Ke5 {Accuracy: White = 44%, Black = 51%.} 0-1

[Event "12th KIIT International 2019"]
[Site "Odisha"]
[Date "2019.06.04"]
[Round "7.13"]
[White "Roy, Prantik"]
[Black "Rathneesh R"]
[Result "1/2-1/2"]
[WhiteElo "2365"]
[BlackElo "2160"]
[Annotator "TA"]
[PlyCount "50"]
[EventDate "2019.05.31"]
[EventType "swiss"]
[EventCountry "IND"]
[SourceTitle "playchess.com"]
[Source "ChessBase"]
[SourceQuality "1"]

{[%evp 9,50,-42,-42,-46,-42,-42,-34,-51,-35,-39,-41,-76,-33,-54,-12,-52,-33,-50,-33,-56,-55,-93,-91,-75,-80,-88,-87,-90,-58,-68,-69,-64,-51,-108,-103,-136,-32,-132,-136,-132,-124,-126,-125]} 1. e4 c5 2. b3 g6 3. Bb2 Nf6 4. Nc3 Nc6 {[%cal Bb8c6,Bc6b4,Bb4d3][%mdl 32]} 5. Nf3 Bg7 6. Nd5 {B20: Sicilian: Unusual White 2nd moves} O-O $1 7. Nxf6+ exf6 8. Bd3 $146 {Black is slightly better.} ({Predecessor:} 8. Be2 Re8 9. d3 d5 10. exd5 Qxd5 11. O-O b6 12. Nd2 {0-1 (45) Wang,Y (2450)-Bu,X (2723) Wuxi 2016}) 8... Re8 {aiming for ...d5.} 9. O-O Nb4 10. Ne1 Nxd3 11. Nxd3 b6 12. Re1 Bb7 13. f3 d5 14. Nf2 dxe4 15. fxe4 f5 $36 {[%mdl 2048] Keeping White busy.} 16. Bxg7 Kxg7 17. d3 fxe4 18. dxe4 Qxd1 19. Raxd1 Rad8 20. Rd3 Ba6 21. Rxd8 ({White should try} 21. Rdd1 $15) 21... Rxd8 $17 22. Rd1 Rxd1+ 23. Nxd1 Bb7 24. Nc3 {[#]} Kf6 $1 25. Kf2 Ke5 {Accuracy: White = 35%, Black = 63%.} 1/2-1/2

[Event "12th KIIT International 2019"]
[Site "Odisha"]
[Date "2019.06.04"]
[Round "7.14"]
[White "Saurabh Anand"]
[Black "Panta, Sumit"]
[Result "1/2-1/2"]
[WhiteElo "2351"]
[BlackElo "1999"]
[PlyCount "54"]
[EventDate "2019.05.31"]
[EventType "swiss"]
[EventCountry "IND"]

{[%evp 17,54,0,0,-20,-16,-6,0,0,4,0,0,-33,30,-16,-18,-30,8,0,0,-22,-22,-32,-31,-30,-18,-39,-28,-66,0,8,25,-26,0,0,0,-77,-80,-97,-86]} 1. e4 e6 2. d4 d5 3. Nc3 dxe4 4. Nxe4 Nd7 5. Nf3 Ngf6 6. Bd3 Be7 7. Nxf6+ Nxf6 8. Bg5 b6 9. Ne5 Bb7 10. Bb5+ {C10: French with 3 Nc3: Unusual Black 3rd moves and 3...dxe4} (10. c3 {seems wilder.} O-O 11. O-O c5 12. dxc5 Bxc5 13. Bb5) 10... c6 11. Be2 ({Avoid the trap} 11. Nxc6 $2 Qd5 $19) (11. Qf3 Qd5 12. Qxd5 Nxd5 13. Bxe7 cxb5 14. Bh4 Nf4 15. Bg3 Nxg2+ 16. Ke2 g5 17. Rhg1 f6 {1-0 (90) Yu,Y (2764)-Huzman,A (2580) St Petersburg 2018}) 11... O-O 12. Bf3 {The position is equal.} Qc8 $146 ({Predecessor:} 12... Nd5 13. Bxe7 Nxe7 14. c3 Rb8 15. Qa4 Qc7 16. O-O c5 17. Qxa7 Nd5 {1-0 (63) Costin,D-Scammon,C IECG email 1998}) 13. Qe2 c5 14. O-O-O Qc7 ({Black should play} 14... cxd4 $15 15. Rxd4 Bxf3 16. Nxf3 h6) 15. dxc5 {Strongly threatening c6.} Bxf3 16. gxf3 bxc5 17. Nd7 Rfd8 18. Nxf6+ (18. Bxf6 $5 Rxd7 19. Qe4 $11) 18... Bxf6 19. Bxf6 Qf4+ 20. Qe3 Qxf6 21. c3 Rac8 22. Rhg1 Rd5 (22... h6 $15) 23. Rxd5 $11 exd5 24. Rg5 (24. Qg5 $142 Kf8 25. Qxf6 (25. Qxd5 Qf4+ 26. Qd2 Qxh2 $11) 25... gxf6 26. Rg4) 24... Qd6 25. Qe5 {[%csl Gg5][%cal Re5g7]} Qh6 26. Kb1 {[#]} (26. h4 $11 {remains equal.}) 26... g6 $1 $17 27. Qg3 {[#]} d4 $1 {Accuracy: White = 24%, Black = 50%.} 1/2-1/2

[Event "12th KIIT International 2019"]
[Site "Odisha"]
[Date "2019.06.04"]
[Round "7.15"]
[White "Vatsal Singhania"]
[Black "Rathanvel, V S"]
[Result "1/2-1/2"]
[WhiteElo "2183"]
[BlackElo "2314"]
[Annotator "TA"]
[PlyCount "237"]
[EventDate "2019.05.31"]
[EventType "swiss"]
[EventCountry "IND"]
[SourceTitle "playchess.com"]
[Source "ChessBase"]
[SourceQuality "1"]

{[%evp 31,237,34,39,30,63,20,8,9,15,27,19,0,29,21,27,0,27,7,100,95,82,89,156,147,160,174,172,163,262,134,298,305,310,320,338,311,388,353,331,286,373,363,327,258,490,491,1054,991,953,744,839,862,838,835,822,802,573,220,168,13,188,153,150,155,137,162,245,246,243,245,233,228,241,241,431,437,435,431,522,518,425,7,7,7,7,7,7,7,7,0,0,0,7,7,7,7,7,7,7,7,7,7,7,7,8,0,0,0,0,0,0,0,0,0,0,0,0,0,0,0,0,0,0,0,0,0,0,0,0,0,0,0,0,0,0,0,0,0,0,0,0,-42,-54,-58,-8,-8,-8,-8,-8,-8,-8,-8,-8,-1555,-1367,-1418,-1359,-1192,-1192,-12795,-8,-8,0,-12330,-8977,-12817,-12816,-6087,-588,-588,0,-4915,-4315,-1450,0,0,0,0,0,0,0,-8,-8,-8,-8,-8,0,-8,0,0,0,-8,-8,-8,0,0,0,-8,-8,-8,-8,-8,-8,-8,0,0,0,0]} 1. e4 c5 2. Nf3 d6 3. d4 cxd4 4. Nxd4 Nf6 5. Nc3 a6 6. Be2 e6 7. Be3 Be7 8. O-O O-O 9. f4 Qc7 10. a4 Nc6 11. Kh1 Bd7 12. Nb3 b6 13. Bf3 Rfe8 14. g4 Bc8 15. g5 Nd7 16. Bg2 Bb7 17. Qh5 {B85: Sicilian Scheveningen: 6 Be2 a6, lines with early Be3} (17. Rf3 Bf8 18. Rh3 g6 19. Qe1 Nb4 20. Qf2 Nc5 21. Rf1 d5 22. Bd4 h5 23. gxh6 Kh7 24. Bg7 Bd6 25. e5 {1-0 (62) Ganguly,S (2668)-Pichot,A (2544) Doha 2016}) 17... Nb4 18. Nd4 g6 19. Qh3 Bf8 20. Rad1 Nc5 21. Rd2 $146 ({Predecessor:} 21. Rf2 Rad8 22. Rdd2 Bg7 23. Qg3 e5 24. Nde2 exf4 25. Qxf4 {½-½ (34) Parisi,C (2184)-Gornoi,M (2123) IECG email 2003}) 21... e5 22. Nde2 exf4 $1 23. Rxf4 (23. Nxf4 $5 {[%cal Rd2d4]} Qd7 24. Qxd7 Nxd7 25. h4 $11) 23... Qd7 24. Qg3 (24. Qh4 $5 {[%cal Re3d4]}) 24... a5 (24... Bg7 $11 {remains equal.}) 25. Bd4 $16 Ne6 {[#]} 26. Qh3 $1 {[%mdl 512] Qxh7+! would kill now.} f5 (26... Bg7 $142) 27. gxf6 Qf7 28. Rf1 Nxd4 29. Nxd4 Re5 (29... Rad8 $142 30. Qh4 Na6) 30. Ndb5 (30. Qg3 $18) 30... Rd8 $2 (30... d5 $16 31. Qg3 Rae8) 31. Qe3 $18 Rc5 32. Qg3 Qe6 {[#]} 33. Nd5 $1 {[%mdl 512]} Nxd5 34. exd5 Qf7 35. Qd3 Bh6 36. Rdd1 Bc8 37. Qg3 Rxc2 $2 (37... Bf8 38. c3 Kh8) 38. Nxd6 Qf8 (38... Rxd6 $142 39. Qxd6 Bg4) 39. f7+ Kh8 40. Ne8 Bf5 41. Qe5+ Bg7 42. Nxg7 Qxg7 43. Qe8+ {[%mdl 64] Double Attack} Qf8 44. Rfe1 $2 (44. Rde1 Rcc8 45. Rxf5 $1 {[%mdl 512]} Rxe8 46. fxe8=Q Qxe8 47. Rxe8+ Rxe8 48. Rf1) 44... Rcc8 45. Qe7 $2 $40 {[%mdl 128] White has some attack.} (45. Qe5+ $18 Qg7 46. d6 Qxe5 47. Rxe5) 45... Bc2 $2 (45... Qxe7 $11 {and Black is okay.} 46. Rxe7 Kg7) 46. Rd4 Qxe7 47. Rxe7 Kg7 48. d6 Bf5 (48... Kf8 $142) 49. Bb7 Rc1+ 50. Kg2 Kf8 51. Bd5 $1 Rc2+ 52. Kg3 Rcc8 $2 (52... Rxb2 53. Bc6 Rc8) 53. Bc4 Bd7 54. b3 Rc5 55. Rd5 Rc6 56. Rde5 $2 (56. h4 $18) 56... Rxd6 $11 57. Re2 h6 58. h4 Rd4 59. R7e4 Rd6 60. Kf4 Rf6+ 61. Kg3 Rd6 62. Rf2 Bf5 63. Re5 Bd7 64. Rf4 Bc6 65. Re2 Bd7 66. Rf3 Bc6 67. Rff2 Bd7 68. Rd2 Bc6 69. Rxd6 Rxd6 {[%mdl 4096] Endgame KRB-KRB} 70. Rf4 Bd7 71. Kf2 g5 72. hxg5 hxg5 73. Re4 g4 74. Kg3 Rf6 75. Re3 Rf5 76. Kh4 Rf3 77. Re1 Rf5 78. Re2 Rf3 79. Rd2 Ke7 80. Kg5 g3 81. Kg6 Rf4 82. Rg2 Rg4+ 83. Kh5 Kf8 84. Bd5 Rd4 85. Bc4 Rg4 86. Kh6 Bc6 87. Rd2 $1 {[%cal Rd2d8] [#] Threatening mate with Rd8+.} Rxc4 $1 {[%mdl 512]} 88. bxc4 $15 {Intending Kg6 and mate. KR-KB} g2 89. Rd1 {Strongly threatening Kg6.} Kxf7 {Hoping for ...Kf6.} 90. Kg5 Bxa4 91. Rg1 $1 Bc6 92. Kf5 $2 {[%mdl 8192] [#]} (92. Kf4 $11) 92... Ke7 $1 $19 {[%cal Re7d6]} 93. Ke5 a4 {[%cal Ba5a4,Ba4a3,Ba3a2][%mdl 32]} 94. Kd4 Kd6 95. Rb1 Ke6 $2 (95... a3 $19 96. Kc3 Kc5) 96. Ke3 $11 Kd6 $2 {[%mdl 8192]} (96... Kd7 $11) 97. Kd4 $19 a3 98. Rc1 a2 99. Ra1 Ba4 (99... Be8 $142 {White must now prevent ...Bg6.} 100. Rg1 Bd7) 100. Rg1 Bc6 (100... Bd7 $142 101. Kc3 Kc5) 101. Ra1 $1 Ke6 102. Ke3 {[#]} Ke5 $2 (102... Ba4 $1 $19 {And now ...Bc2 would win.} 103. Kd2 Kf5) 103. Kf2 $11 {The position is equal.} Kd4 104. Rxa2 Kxc4 105. Rc2+ Kb5 106. Rb2+ Ka6 107. Ra2+ Kb7 108. Rb2 Bd5 109. Rc2 Be4 110. Re2 Bd5 111. Rc2 $1 Ka6 (111... b5 {is more complex.} 112. Rc5 Bc6 113. Rc1 Kc7 114. Rb1 Kb6) 112. Rd2 Bc6 113. Ra2+ $1 Kb5 114. Rb2+ $1 Kc5 115. Rc2+ Kd6 116. Rb2 Kc7 117. Rb1 Bd5 118. Rc1+ Kd6 119. Rb1 {Accuracy: White = 59%, Black = 55%.} 1/2-1/2

[Event "12th KIIT International 2019"]
[Site "Odisha"]
[Date "2019.06.04"]
[Round "7.16"]
[White "Lugovskoy, Maxim"]
[Black "Rakesh, Kumar Nayak"]
[Result "1-0"]
[WhiteElo "2451"]
[BlackElo "2026"]
[Annotator "TA"]
[PlyCount "119"]
[EventDate "2019.05.31"]
[EventType "swiss"]
[EventCountry "IND"]
[SourceTitle "playchess.com"]
[Source "ChessBase"]
[SourceQuality "1"]

{[%evp 14,119,0,0,6,0,0,0,0,0,0,0,6,0,5,0,27,30,42,33,29,15,17,20,9,18,58,62,47,45,42,37,47,0,108,106,109,122,114,112,134,124,111,0,-2,0,0,-45,125,123,129,125,129,133,131,125,122,123,124,102,102,101,110,107,147,150,176,189,208,198,355,351,546,554,548,546,548,531,555,555,520,406,406,406,406,402,378,396,384,387,426,416,508,495,616,593,759,753,1104,996,926,890,1920,1767,1222,835,500,279]} 1. e4 e5 2. Nf3 Nc6 3. Nc3 Nf6 4. Bb5 Bb4 5. O-O O-O 6. d3 d6 7. Bxc6 bxc6 8. Ne2 h6 {C49: Four Knights: 4 Bb5 Bb4} (8... Bg4 9. Ng3 Nh5 10. c3 Bc5 11. d4 Nxg3 12. hxg3 exd4 13. cxd4 Bb6 14. Qd3 Re8 15. Bd2 Qf6 16. Bc3 Qg6 17. Rfe1 Bd7 18. b4 a5 19. bxa5 Bxa5 20. Nd2 Bxc3 21. Qxc3 Ra4 22. a3 Rea8 23. Re3 {½-½ (23) Amin,B (2608)-Lysyj,I (2656) Cappelle-la-Grande 2012}) 9. Ng3 Re8 10. c3 Ba5 {The position is equal.} 11. Re1 Bb6 12. h3 a5 $146 ({Predecessor:} 12... Nh7 13. Be3 Nf8 14. d4 {1-0 (77) Ezra,P (2233)-Ke,I (2238) Berkeley 2018}) 13. Be3 a4 14. Qc2 a3 15. b3 c5 16. d4 cxd4 17. cxd4 exd4 18. Bxd4 Bxd4 19. Nxd4 Bd7 20. Qc3 Re5 21. f4 Rc5 22. Qf3 Rb8 23. e5 Ne8 (23... dxe5 $11 24. fxe5 Nh7) 24. Rad1 $16 Qc8 25. Ne4 Ra5 26. Qg3 dxe5 27. fxe5 Rb6 28. Rf1 (28. Rd2 $16) 28... Rg6 $1 $11 {[%cal Rg6g3]} 29. Qf4 Bxh3 $1 30. Rd2 {Threatens to win with b4.} ({Much worse is} 30. Qxf7+ Kh7 $15) 30... Qg4 $2 (30... Kh7 $1 $15 {keeps the upper hand.}) 31. e6 $36 {[%mdl 2048] White is on the roll.} f5 32. Nc6 $1 {And now Qxg4 would win.} fxe4 {[#]} 33. Qxg4 $1 ({Much less strong is} 33. Nxa5 Qxe6 34. Nc4 Nf6 $14) 33... Bxg4 34. Nxa5 Rxe6 35. Nc4 e3 36. Rd4 e2 37. Re1 Nf6 38. Nxa3 h5 39. Nc4 c5 {[#]} 40. Rd3 $1 h4 41. a4 Nh5 $2 (41... Re8 {might work better.} 42. a5 Ra8) 42. Ne3 $18 Nf6 (42... Rg6 {was called for.} 43. Rd8+ Kf7 44. Nxg4 Rxg4) 43. Nxg4 Nxg4 {[%mdl 4096] Endgame KRR-KRN} 44. Rc3 Rd6 45. Rxc5 Rd1 {[%cal Rd1e1]} 46. Rc1 Rd2 47. a5 Ne5 {If only Black now had time for ...Nd3....} 48. a6 Nd3 {[#]} 49. a7 $1 {[%mdl 512]} Ra2 {[#]} 50. Rxe2 $1 {[%mdl 512]} Rxa7 (50... Rxe2 51. Rc8+) 51. Rd1 Nf4 52. Re4 g5 53. Re5 {White is clearly winning.} Rg7 54. b4 {[%cal Bb3b4,Bb4b5,Bb5b6][%mdl 32]} Kh7 55. b5 Kh6 56. b6 Rb7 57. Rb1 g4 58. Re4 Nd5 59. Rxg4 Kh5 60. Rd4 {Accuracy: White = 85%, Black = 40%.} 1-0

[Event "12th KIIT International 2019"]
[Site "Odisha"]
[Date "2019.06.04"]
[Round "7.17"]
[White "Kumar, Gaurav"]
[Black "Ter-Sahakyan, Samvel"]
[Result "0-1"]
[WhiteElo "2082"]
[BlackElo "2611"]
[Annotator "TA"]
[PlyCount "123"]
[EventDate "2019.05.31"]
[EventType "swiss"]
[EventCountry "IND"]
[SourceTitle "playchess.com"]
[Source "ChessBase"]
[SourceQuality "1"]

{[%evp 9,123,11,30,17,29,0,1,-17,-20,-12,-11,-7,0,0,0,0,0,-11,-9,-16,-33,-20,-19,-31,-29,-43,-52,-62,-47,-43,-41,-41,-9,-19,-19,-31,-8,-15,-9,-14,-14,-18,11,0,0,-22,0,0,0,0,0,-44,-41,-37,-52,-122,-110,-121,-113,-115,-106,-118,-110,-187,-163,-174,-181,-167,-199,-170,-164,-160,-135,-135,-134,-262,-236,-237,-236,-503,-503,-846,-458,-840,-399,-1592,-1550,-1220,-1085,-4035,-3362,-2229,-1667,-29967,-29968,-29970,-29971,-29970,-29958,-29957,-29959,-29974,-29975,-29975,-29975,-29975,-29976,-29979,-29978,-29980,-4627,-29982,-29983,-29983,-29984,-29986]} 1. e4 e5 2. Nf3 Nc6 3. d4 exd4 4. Nxd4 Qf6 5. Nxc6 dxc6 6. Nc3 {C45: Scotch Game} Be6 (6... h5 7. Qf3 Bb4 8. Bd2 Qg6 9. h3 Be6 10. a3 Be7 11. Bd3 Bg5 12. O-O-O O-O-O 13. Kb1 Bxd2 14. Rxd2 {½-½ (58) Belyakov,B (2459)-Gareyev,T (2569) St Petersburg 2018}) 7. Qf3 O-O-O 8. Bd2 $146 {The position is equal.} ({Predecessor:} 8. Bd3 Bb4 9. Bd2 Qxf3 10. gxf3 Ne7 11. a3 Bc5 12. Na4 Bd4 13. Bc3 f5 {0-1 (38) Christian,K (1702)-Guo,E (2040) Cammeray 2015}) 8... Bc5 {Hoping for ...Bxf2+!} 9. Bd3 Qxf3 10. gxf3 Ne7 11. Be3 Bd4 12. Bxd4 Rxd4 13. Ne2 Rd7 14. f4 f5 15. f3 Rf8 16. O-O-O Ng6 ({Inferior is} 16... Bxa2 17. b3 $16) 17. Rdf1 fxe4 18. fxe4 Bh3 $1 ({Don't play} 18... Bxa2 $6 19. h4 $11) 19. Rf2 {[#]} Ne5 $1 {[%mdl 576] Pin} 20. Rd1 (20. fxe5 Rxf2) 20... Bg4 21. Kd2 $1 c5 {White must now prevent ...c4.} 22. b3 g5 {Strongly threatening ...gxf4.} 23. Rdf1 gxf4 24. Rxf4 Rfd8 {[%cal Re5d3]} 25. Nc1 $1 b5 {And now ...c4 would win.} 26. Kc3 a6 $36 {[%mdl 2048] Black fights for an advantage.} 27. Rf8 Kb7 28. a3 h5 29. Rxd8 Rxd8 30. Be2 Bxe2 31. Nxe2 $15 {[%mdl 4096] Endgame KRN-KRN} Ng4 {Threatens to win with ...Ne3.} 32. b4 ({Better is} 32. Re1 $15) 32... Ne3 $17 33. Re1 Nd1+ 34. Kb3 c4+ 35. Ka2 Ne3 36. Nf4 (36. Nd4 $17 Rxd4 37. Rxe3) 36... Nxc2 $19 37. Re2 Nd4 38. Rd2 Rf8 39. Nxh5 Ne6 40. Ng3 Rf3 41. Nf5 Ng5 42. Re2 {[#]} (42. Nd4 $17 Rf4 43. e5) 42... Nxe4 $1 {[%mdl 512]} 43. Rxe4 Rxf5 {KR-KR} 44. Re2 $2 (44. h4 {only move.}) 44... Rh5 45. Rg2 (45. Re6 $142 Rxh2+ 46. Ka1) 45... Rh3 46. Re2 {[#]} (46. a4 $142 a5 47. bxa5) 46... Kb6 (46... a5 $142 $1 {[%mdl 512]} 47. Rg2 (47. bxa5 Ka6) 47... Kb6 48. Rg6+ c6) 47. Rf2 $2 (47. a4) 47... c6 48. Re2 a5 49. Rf2 axb4 50. axb4 Rb3 51. h4 Rxb4 52. Rh2 c3 53. h5 {[#]} c2 $1 54. Rxc2 Rh4 55. Kb3 Rxh5 56. Rc3 c5 57. Rg3 Ka5 58. Rf3 Rh4 59. Rg3 c4+ 60. Kb2 b4 61. Rg2 Ka4 62. Rf2 {Accuracy: White = 30%, Black = 75%.} 0-1